Människa och miljö : några grunder om arbstsplatsens och bostadens hygien /

Hlavní autor: Ronge, Hans
Další autoři: Gerhardsson, Gideon, Lindgren, Gunnar
Jazyk: Švédština
Vydáno: Stockholm : Tidens förlag, 1962
Edice: Folksams hälsoråds
Fyzický popis: 160 s.
Knihy
Uloženo v:
LEADER 00802nam a22002412a 4500
001 001256470
003 CZ BrMZK
005 20251113120225.0
007 ta
008 121011s1962 sw er|||||||||||swe d
040 |a BOA001  |b cze 
100 1 |a Ronge, Hans  |4 aut 
245 1 0 |a Människa och miljö :  |b några grunder om arbstsplatsens och bostadens hygien /  |c Hans Ronge, Gideon Gerhardsson, Gunnar Lindgren 
260 |a Stockholm :  |b Tidens förlag,  |c 1962 
300 |a 160 s. 
490 1 |a Folksams hälsoråds ;  |v 17 
700 1 |a Gerhardsson, Gideon  |4 aut 
700 1 |a Lindgren, Gunnar  |4 aut 
830 0 |a Folksams hälsoråds 
910 |a BOA001  |b 2-0726.624 
990 |a BK 
991 |b 201210 
996 7 |b 2619651753  |c 2-0726.624  |l Sklad H1  |r Sklad / do 24 hodin  |n 0  |h HS212  |w 001290449  |u 000010  |a 1  |e BOA001  |j MZK50  |s A